| 000 | 01239cpcaa2200301 a 4500 | ||
|---|---|---|---|
| 001 | mm2007085370 | ||
| 003 | DLC | ||
| 005 | 20260227111731.0 | ||
| 008 | 070606|||||||||||| eng | ||
| 010 | _amm2007085370 | ||
| 040 |
_aDLC _cDLC _edacs _dDLC |
||
| 072 | 7 |
_aR _2lcmd |
|
| 100 | 1 |
_aForman, S. E. _q(Samuel Eagle), _d1858-1941. |
|
| 245 | 0 | 0 |
_aS.E. Forman correspondence, _f1904. |
| 300 |
_a2 _fitems. |
||
| 506 | 0 | _aOpen to research. | |
| 520 | 8 | _aALS (1904 November 13) from Forman and his wife, Carrie Forman, to Miss Fradinka discussing Forman's writings, the election of President Theodore Roosevelt, and social life in Washington, D.C. Includes typewritten transcript. | |
| 545 | 0 | _aAuthor. | |
| 546 | _aCollection material in English. | ||
| 600 | 1 | 0 |
_aForman, Carrie _vCorrespondence. |
| 600 | 1 | 0 |
_aRoosevelt, Theodore, _d1858-1919. |
| 650 | 0 |
_aPresidents _zUnited States _xElection _y1904. |
|
| 651 | 0 |
_aUnited States _xPolitics and government _y1901-1909. |
|
| 651 | 0 |
_aWashington (D.C.) _xSocial life and customs. |
|
| 656 | 7 |
_aAuthors. _2itoamc |
|
| 999 |
_c44763 _d44763 |
||